00560nam a22001817a 450000500170000001000140001702000110003103500130004203700130005508200080006810000220007624501050009826000530020327000410025630000310029765000260032865000240035420100802140851.0 aENG-97572 c500.00 aEN-81105 bDBAD/PUB a590 aMishra, Rama Kant aNature and wildlife:ba country note book of real life stories and adventures /cby Rama Kant Mishra aOrissabDakshyeshwar Memorial Foundationc(200?) aAthmalik (Mallapur)bOrissae2533022 ax,468p.:bill.c24cm (pbk) aWildlife Conservation aNature Conservation